Química inorg nica volumen 2 / D.F. Shriver, P.W. Atkins, C.H. Langford (Registro nro. 12922)

Detalles MARC
000 -LÍDER
fixed length control field 00514nam a2200157 4500
008 - ELEMENTOS DE LONGITUD FIJA -- INFORMACIÓN GENERAL
fixed length control field 0 2000 0a 000 0ESP
020 ## - NÚMERO INTERNACIONAL NORMALIZADO PARA LIBROS
ISBN 84-291-7005-7
050 ## - SIGNATURA TOPOGRAFICA DE LA BIBLIOTECA DEL CONGRESO (LC)
Número de Clasificación QD51.2 S518 2000 V.2
082 ## - NUMERO DE CLASIFICACION DECIMAL DEWEY
Número de Clasificación 546 S558q2
100 ## - ASIENTO PRINCIPAL--NOMBRE PERSONAL
Nombre personal Shriver, D.F.
245 ## - TÍTULO
Título Química inorg nica volumen 2 / D.F. Shriver, P.W. Atkins, C.H. Langford
260 ## - PUBLICACIÓN, DISTRIBUCIÓN, ETC. (PIE DE IMPRENTA)
Lugar de publicación, distribución, etc. Barcelona, España : McGraw-Hill
300 ## - DESCRIPCIÓN FÍSICA
Extensión xvi, 619-968 p. / 24 cm.
650 ## - ASIENTO SECUNDARIO DE MATERIA - TERMINO TEMÁTICO
Término temático o nombre geográfico como elemento de entrada 1.QUIMICA INORGANICA
700 ## - ASIENTO SECUNDARIO - NOMBRE PERSONAL
Nombre personal Atkins, P.W. Coaut. \ Lanford, C.H. Coaut.
Existencias
No. biblioteca No. biblioteca Número de clasificación Código de barras/Número de adquisición Número de copia Tipo de material
LUIS G. INCLAN LUIS G. INCLAN 546 S558q2 41541 2001 Libros
LUIS G. INCLAN LUIS G. INCLAN 546 S558q2 41542 2002 Libros
LUIS G. INCLAN LUIS G. INCLAN 546 S558q2 43387 2003 Libros
Calzada Tecnológico # 27, Zacatepec, Morelos.
01(734) 343-07-23 / 343-21-10 / 343-21-11
Apdo. Postal 45 C.P 62780